Marvin Gaye- "What's Going On" All Songs - Statistics

General Stats
  • This quiz has been taken 17 times
  • The average score is 6 of 9
Answer Stats
Answer % Correct
Mercy Mercy Me (The Ecology)
93%
What's Going On
93%
God Is Love
79%
What's Happening Brother
79%
Inner City Blues (Make Me Wanna Holler)
71%
Save The Children
71%
Flyin' High (In The Friendly Sky)
57%
Right On
50%
Wholy Holy
36%
No matching quizzes found
Score Distribution
Percent of People with Each Score
Percentile by Number Answered
Your Score History
You have not taken this quiz